| 000 | 01454cam a2200361 a 4500 | ||
|---|---|---|---|
| 001 | 12418870 | ||
| 003 | EG-ScBUE | ||
| 005 | 20220209095207.0 | ||
| 008 | 010523s2002 enk f 000 1 eng d | ||
| 020 | _a0099426196 | ||
| 020 | _a9780099426196 | ||
| 040 |
_aDLC _beng _erda _cDLC _dDLC _dEG-ScBUE |
||
| 043 | _ae-uk-en | ||
| 082 | 0 | 4 |
_a823.914 _222 _bREN |
| 100 | 1 |
_aRendell, Ruth, _d1930- _eauthor. _99908 |
|
| 245 | 1 | 0 |
_aAdam and Eve and Pinch Me / _cRuth Rendell. |
| 264 | 1 |
_aLondon : _bArrow Books, _c2002. |
|
| 300 |
_a442 pages ; _c24 cm |
||
| 336 |
_2rdacontent _atext _btxt |
||
| 337 |
_2rdamedia _aunmediated _bn |
||
| 338 |
_2rdacarrier _avolume _bnc |
||
| 650 | 7 |
_aSerial murderers _vFiction. _99909 _2BUEsh |
|
| 650 | 7 |
_aSerial murders _vFiction. _99910 _2BUEsh |
|
| 651 | 7 |
_aLondon (England) _vFiction. _99911 _2BUEsh |
|
| 653 |
_bHHUUEENN _cFebruary2022 |
||
| 655 |
_vReading book _934232 |
||
| 856 | 4 | 2 |
_3Contributor biographical information _uhttp://www.loc.gov/catdir/bios/random053/2001032539.html |
| 856 | 4 | 1 |
_3Sample text _uhttp://www.loc.gov/catdir/samples/random045/2001032539.html |
| 856 | 4 | 2 |
_3Publisher description _uhttp://www.loc.gov/catdir/description/random0414/2001032539.html |
| 942 |
_2ddc _cBB |
||
| 999 |
_c13030 _d13030 |
||